000 00504nam a22001817a 4500
005 20241015070309.0
008 241015b |||||||| |||| 00| 0 eng d
020 _a9789994553013
041 _aEnglish
082 _a158 CHU
100 _lEnglish
245 _aNo Time to Waste Time /
_cM Chukwu
250 _aFirst Edition
260 _aWindhoek:
_bLavender Moob Publishing,
_c2022
300 _b194 pages;
_c22 cm.
650 _aLegal practice
_bLaw
942 _cBK
_6ALISON_BN_VRIES
999 _c3218
_d3218